000 01143nam a2200337 a 4500
001 000110671
003 CHAP
005 20220329144143.0
008 140924s2010 mx | |r| |||1|||spa|d
010 _a107133
011 _a108105
020 _a9786077613381
040 _cCHAP
082 0 4 _a342.0290946
_bH67
245 0 0 _aHistoria y constitución :
_btrayectos del constitucionalismo hispano /
_c2010.
260 3 _aMéxico, :
_bInstituto Mora,
_c2010.
300 _a415 p. :
_bil.
590 _aBATCH-UPD
_b05
_c20140924
_lUCH01
_h1237
590 _aE792CSJ
_b05
_c20140924
_lUCH01
_h1236
590 _aE792CSJ
_b05
_c20140924
_lUCH01
_h1419
650 1 4 _aAdministración de justicia
_zEspaña
_xHistoria.
_9128487
650 1 4 _aAdministración de justicia
_zHispanoamérica.
_9128488
650 1 4 _aDerecho constitucional
_zEspaña
_xHistoria.
_9128489
650 1 4 _aDerecho constitucional
_zHispanoamérica.
_9128490
650 1 4 _aHistoria constitucional
_zEspaña.
_9128485
650 1 4 _aHistoria constitucional
_zHispanoamérica.
_9128486
700 1 _aGarriga, Carlos
_ecoord.
_9128481
901 _aBK
942 _cLIBRO
942 _n0
999 _c107133
_d107133